ბათუმის შოთა რუსთაველის სახელმწიფო უნივერსიტეტის ბიბლიოთეკა

ფსიქოანალიტიკური თერაპია : (ბიბ.ჩანაწერი № 57340)

000 -ლიდერი
ფიქსირებული სიგრძის საკონტროლო ველი 01548nam a22002417a 4500
003 - საკონტროლო ნომრის იდენტიფიკატორი
საკონტროლო ველი Ge_BSU
005 - ბოლო ოპერაციის თარიღი და დრო
საკონტროლო ველი 20200527125739.0
008 - ფიქსირებული სიგრძის მონაცემთა ელემენტები - ზოგადი ინფორმაცია
ფიქსირებული სიგრძის საკონტროლო ველი 200527s2017 ge ||||| |||| 00| 0 geo d
020 ## - წიგნის საერთაშორისო სტანდარტული ნომერი
International Standard Book Number 9789941457685
041 ## - ენის კოდი
Language code of text/sound track or separate title geo
080 ## - უნივერსალური ათობითი კლასიფიკაციის ინდექსი
Universal Decimal Classification number 159.964.2 ტ-68
100 ## - მთავარი ჩანაწერი - პიროვნების სახელი
Personal name ტომე, ჰელმუტ
9 (RLIN) 8208
245 ## - ცნობა სათაურის შესახებ
Title ფსიქოანალიტიკური თერაპია :
Remainder of title საფუძვლები /
Statement of responsibility, etc ჰელმუტ ტომე, ჰორსტ კეხელე ; ანდრეას ბილგერის, ანა ბუხჰაიმის, მანფრედ ცირპკას [და სხვ.] მონაწილეობით ; სამეცნ. რედაქტორი ხათუნა ივანიშვილი ; ყდის დიზაინი გიორგი ბაგრატიონი.
264 ## - წარმოების, გამოცემის, დისტრიბუციის და სხვა ცნობები
გამოცემის, წარმოების, დისტრიბუციის... ადგილი თბილისი :
გამოცემის, წარმოების, დისტრიბუციის... სახელწოდება ნეკერი,
გამოცემის, წარმოების, დისტრიბუციის... თარიღი 2017.
300 ## - ფიზიკური აღწერა
Extent 488 გვ. ;
Other physical details 25 სმ.
500 ## - ზოგადი შენიშვნა
General note ყდაზე გამოყენებულია ნუცა ესებუას კომპოზიცია.
504 ## - BIBLIOGRAPHY, ETC. NOTE
Bibliography, etc ბიბლიოგრ.: გვ. 442-488.
653 ## - INDEX TERM--UNCONTROLLED
Uncontrolled term ფსიქოანალიზი
700 ## - ADDED ENTRY--PERSONAL NAME
Personal name კეხელე, ჰორსტ
Relator term ავტორი
9 (RLIN) 8209
700 ## - ADDED ENTRY--PERSONAL NAME
Personal name ივანიშვილი, ხათუნა
Relator term რედაქტორი
9 (RLIN) 8210
700 ## - ADDED ENTRY--PERSONAL NAME
Personal name ბაგრატიონი, გიორგი
Relator term ყდის დიზაინერი
9 (RLIN) 5945
942 ## - ADDED ENTRY ELEMENTS (KOHA)
Source of classification or shelving scheme
Koha item type წიგნი
ეგზემპლარები
ჩამოწერის სტატუსი დაკარგული ეგზემპლარის სტატუსი კლასიფიკაციის წყარო ან თაროზე გაწყობის სქემა დაზიანების სტატუსი არ გაიცემა მუდმივი მდებარეობა (დაცვის ადგილი) ამჟამინდელი ადგილსამყოფელი თაროზე განთავსების ადგილი შეძენის თარიღი ღირებულება, შესყიდვის ნორმალური ფასი სრული შენახვის შიფრი შტრიხკოდი ბოლო ოპერაციის თარიღი ეგზემპლარის მიმდევრობითი ნომერი (კეტერი?) ფასის ძალაში შესვლის თარიღი ეგზემპლარის სახეობა საჯარო შენიშვნა Uniform Resource Identifier
          ბათუმის შოთა რუსთაველის სახელმწიფო უნივერსიტეტის მთავარი ბიბლიოთეკა ბათუმის შოთა რუსთაველის სახელმწიფო უნივერსიტეტის მთავარი ბიბლიოთეკა წიგნსაცავი 2020-05-27 23.40 159.964.2 ტ-68 60507 2020-05-27 60507 2020-05-27 წიგნი 23 ლ. 40 თ.  
          ბათუმის შოთა რუსთაველის სახელმწიფო უნივერსიტეტის მთავარი ბიბლიოთეკა ბათუმის შოთა რუსთაველის სახელმწიფო უნივერსიტეტის მთავარი ბიბლიოთეკა წიგნსაცავი 2025-03-26 20.00 159.964.2 ტ-68 70950 2025-03-26 70950 2025-03-26 წიგნი 20.00 ნაჩუქარი